Periodic Table: In Order! - Statistics

General Stats
  • This quiz has been taken 67 times
    61 since last reset
  • The average score is 91 of 118
Answer Stats
Hint Answer % Correct
13 Aluminum
100%
18 Argon
100%
4 Beryllium
100%
5 Boron
100%
20 Calcium
100%
6 Carbon
100%
17 Chlorine
100%
9 Fluorine
100%
2 Helium
100%
1 Hydrogen
100%
3 Lithium
100%
12 Magnesium
100%
10 Neon
100%
7 Nitrogen
100%
8 Oxygen
100%
15 Phosphorus
100%
19 Potassium
100%
14 Silicon
100%
11 Sodium
100%
16 Sulfur
100%
24 Chromium
89%
25 Manganese
89%
21 Scandium
89%
22 Titanium
89%
23 Vanadium
89%
51 Antimony
78%
33 Arsenic
78%
56 Barium
78%
35 Bromine
78%
48 Cadmium
78%
58 Cerium
78%
55 Cesium
78%
27 Cobalt
78%
29 Copper
78%
66 Dysprosium
78%
68 Erbium
78%
63 Europium
78%
64 Gadolinium
78%
31 Gallium
78%
32 Germanium
78%
72 Hafnium
78%
67 Holmium
78%
49 Indium
78%
53 Iodine
78%
26 Iron
78%
36 Krypton
78%
57 Lanthanum
78%
71 Lutetium
78%
42 Molybdenum
78%
60 Neodymium
78%
28 Nickel
78%
41 Niobium
78%
46 Palladium
78%
59 Praseodymium
78%
61 Promethium
78%
45 Rhodium
78%
37 Rubidium
78%
44 Ruthenium
78%
62 Samarium
78%
34 Selenium
78%
47 Silver
78%
38 Strontium
78%
43 Technetium
78%
52 Tellurium
78%
65 Terbium
78%
69 Thulium
78%
50 Tin
78%
54 Xenon
78%
70 Ytterbium
78%
39 Yttrium
78%
30 Zinc
78%
40 Zirconium
78%
89 Actinium
67%
95 Americium
67%
85 Astatine
67%
97 Berkelium
67%
83 Bismuth
67%
107 Bohrium
67%
98 Californium
67%
112 Copernicium
67%
96 Curium
67%
110 Darmstadtium
67%
99 Einsteinium
67%
114 Flerovium
67%
87 Francium
67%
79 Gold
67%
77 Iridium
67%
103 Lawrencium
67%
82 Lead
67%
116 Livermorium
67%
109 Meitnerium
67%
101 Mendelevium
67%
80 Mercury
67%
115 Moscovium
67%
93 Neptunium
67%
113 Nihonium
67%
102 Nobelium
67%
118 Oganesson
67%
76 Osmium
67%
78 Platinum
67%
94 Plutonium
67%
84 Polonium
67%
91 Protactinium
67%
88 Radium
67%
86 Radon
67%
75 Rhenium
67%
73 Tantalum
67%
117 Tennessine
67%
81 Thallium
67%
90 Thorium
67%
74 Tungsten
67%
92 Uranium
67%
105 Dubnium
56%
100 Fermium
56%
108 Hassium
56%
111 Roentgenium
56%
104 Rutherfordium
56%
106 Seaborgium
56%
No matching quizzes found
Score Distribution
Percent of People with Each Score
Percentile by Number Answered
Your Score History
You have not taken this quiz since the last reset